City-counties of the United States - Statistics

General Stats
  • This quiz has been taken 44 times
  • The average score is 31 of 78
Answers on the Map
Answers color-coded by a green-red scale on the quiz's map according to % correct below.
 
Answer Stats
What State Answer % Correct
sui generis jurisdiction New York The City of New York-Counties of Bronx, Kings, New York, Queens, and Richmond
89%
City-Counties Georgia Augusta-Richmond County
87%
City-Counties Colorado City and county of Denver
87%
City-Boroughs Alaska City and borough of Juneau
79%
City-Counties Florida Jacksonville-Duval County
79%
City-Parishes Louisiana New Orleans-Parish of Orleans
79%
City-Counties Pennsylvania Philadelphia-Philadelphia County
79%
Independent Cities Virginia Richmond
79%
City-Counties Kansas Unified Government of Wyandotte County and City of Kansas City
79%
City-Boroughs Alaska City and borough of Anchorage
76%
City-Counties Hawaii City and county of Honolulu
76%
Independent Cities Missouri City of Saint Louis
76%
City-Counties Indiana Indianapolis-Marion County
76%
City-Counties Kentucky Louisville–Jefferson County
76%
Independent Cities Maryland City of Baltimore
74%
City-Parishes Louisiana Baton Rouge-Parish of East Baton Rouge
71%
City-Counties California City and county of San Francisco
71%
City-Counties Tennessee Nashville-Davidson County
71%
Independent Cities Virginia Virginia Beach
71%
City-Counties Kentucky Lexington-Fayette Urban County
68%
Federal District District of Columbia Washington, DC
66%
Independent Cities Nevada Carson City
63%
Independent Cities Virginia Norfolk
58%
Independent Cities Virginia Lexington
53%
City-Counties Massachusetts Nantucket-Nantucket County
53%
Independent Cities Virginia Chesapeake
50%
City-Counties Georgia Macon-Bibb County
50%
Independent Cities Virginia Alexandria
47%
Independent Cities Virginia Charlottesville
47%
City-Parishes Louisiana Lafayette-Parish of Lafayette
47%
Independent Cities Virginia Newport News
47%
City-Boroughs Alaska City and borough of Sitka
45%
City-Counties Montana Butte-Silver Bow County
42%
City-Counties Georgia Columbus-Muscogee County
42%
Independent Cities Virginia Roanoke
39%
City-Counties Georgia Athens-Clark County
37%
City-Counties Colorado City and county of Broomfield
37%
Independent Cities Virginia Lynchburg
37%
City-Counties Tennessee Lynchburg-Moore County
37%
Independent Cities Virginia Hampton
34%
Independent Cities Virginia Petersburg
32%
Independent Cities Virginia Fairfax
29%
Independent Cities Virginia Harrisonburg
29%
Independent Cities Virginia Suffolk
29%
Independent Cities Virginia Bristol
26%
Independent Cities Virginia Danville
26%
Independent Cities Virginia Fredericksburg
26%
Independent Cities Virginia Manassas
26%
Independent Cities Virginia Portsmouth
26%
Independent Cities Virginia Williamsburg
26%
Independent Cities Virginia Salem
24%
City-Parishes Louisiana Terrebonne Parish Consolidated Government
21%
City-Counties Kansas Tribune-Greeley County
21%
City-Counties Montana Anaconda-Deer Lodge County
18%
Independent Cities Virginia Manassas Park
18%
Independent Cities Virginia Winchester
18%
City-Boroughs Alaska City and borough of Yakutat
16%
City-Counties Wisconsin City and county of Menominee
16%
Independent Cities Virginia Falls Church
16%
Independent Cities Virginia Galax
16%
Independent Cities Virginia Buena Vista
13%
City-Boroughs Alaska City and borough of Haines
13%
Independent Cities Virginia Colonial Heights
13%
Independent Cities Virginia Emporia
13%
Independent Cities Virginia Franklin
13%
City-Counties Georgia Georgetown-Quitman County
13%
Independent Cities Virginia Martinsville
13%
Independent Cities Virginia Radford
13%
Independent Cities Virginia Staunton
13%
Independent Cities Virginia Covington
11%
City-Counties Georgia Cusseta-Chattahoochee County
11%
Independent Cities Virginia Hopewell
11%
Independent Cities Virginia Norton
11%
Independent Cities Virginia Waynesboro
11%
City-Counties Georgia Preston-Webster County
8%
City-Counties Georgia Statenville-Echols County
8%
City-Counties Tennessee Hartsville-Trousdale County
5%
Independent Cities Virginia Posoquon
3%
No matching quizzes found
Score Distribution
Percent of People with Each Score
Percentile by Number Answered
Your Score History
You have not taken this quiz